Trvale udržitelný papír

Ppapier ako ekologicky zodpovedná surovina. Výroba a recyklácia papiera šetrná k životnému prostrediu. Lesy vysádzané za účelom výroby papiera. Papier verzus počítače. Lesná certifikácia - FSC certifikácia.

Enregistré dans:
Détails bibliographiques
Auteur principal: Hudský, Aleš
Format: Chapitre de livre
Langue:tchèque
Sujets:
Tags: Ajouter un tag
Pas de tags, Soyez le premier à ajouter un tag!

MARC

LEADER 00000naa$a2200000$$$4500
001 0116250
005 20231018131607.4
041 0 |a cze 
044 |a CZ 
245 1 0 |a Trvale udržitelný papír  |c Aleš Hudský 
520 |a Ppapier ako ekologicky zodpovedná surovina. Výroba a recyklácia papiera šetrná k životnému prostrediu. Lesy vysádzané za účelom výroby papiera. Papier verzus počítače. Lesná certifikácia - FSC certifikácia. 
610 2 0 |a papier 
610 2 0 |a priemysel papiernický 
610 2 0 |a výroba 
610 2 0 |a drevo 
610 2 0 |a ekológia 
610 2 0 |a energia 
610 2 0 |a certifikácia 
100 1 |a Hudský, Aleš